000
00325 a2200121 4500
001
ART_50049
005
20260410161631.0
008
260409a
245
1
0
_a
El ajuste por inflación en 2019
100
1
_a
Díaz, Teresa
700
1
_a
Pozzi, Nélida B.
773
0
_t
Enfoques
_g
- N°9 (sep. 2019)
_w
REV416
999
_c
12495
_d
12495